Normal view
MARC view
- EFI SYSTEM.ELECTRONIC FUEL INJECTION SYSTEMS.TM EFI SYSTEM.TECHNICAL MANUAL-EFI SYSTEM
Entry Topical Term
001 - CONTROL NUMBER
- control field: 63549
003 - CONTROL NUMBER IDENTIFIER
- control field: NUST
005 - DATE AND TIME OF LATEST TRANSACTION
- control field: 20210628203133.0
008 - FIXED-LENGTH DATA ELEMENTS
- fixed length control field: 210628|| aca||aabn | a|a d
040 ## - CATALOGING SOURCE
- Original cataloging agency: NUST
- Transcribing agency: NUST
150 ## - HEADING--TOPICAL TERM
- Topical term or geographic name entry element: EFI SYSTEM.ELECTRONIC FUEL INJECTION SYSTEMS.TM EFI SYSTEM.TECHNICAL MANUAL-EFI SYSTEM
670 ## - SOURCE DATA FOUND
- Source citation: Work cat.: (NUST): College Of Eme 63548, Technical manual of inz-fe-efi system, 2007
